[Event "AUT-ch Open 2020"]
[Site "Graz"]
[Date "2020.02.18"]
[Round "6.36"]
[White "Stoleriu, George"]
[Black "Pasti, Aron"]
[Result "1/2-1/2"]
[WhiteElo "2247"]
[BlackElo "2247"]
[Annotator "TA"]
[PlyCount "83"]
[EventDate "2020.02.14"]
[EventType "swiss"]
[EventCountry "AUT"]
[SourceTitle "playchess.com"]
[Source "ChessBase"]
[SourceQuality "1"]

{[%evp 20,83,0,-13,0,0,0,0,12,7,0,0,6,0,0,4,16,12,27,29,29,22,27,22,30,28,81,81,71,70,67,55,72,59,141,132,137,127,141,120,122,120,114,73,52,52,68,31,34,-60,0,0,16,14,30,0,0,0,0,0,0,0,20,16,23,1]} 1. Nf3 d5 2. b3 Nf6 3. Bb2 Bf5 4. c4 e6 5. g3 Be7 6. Bg2 O-O 7. O-O h6 8. d3 Nbd7 9. Nbd2 c6 10. Re1 Bh7 11. Qc2 Qb6 {A12: English Opening: 1...c6 with b3 by White.} 12. Bd4 Bc5 13. Bxc5 Nxc5 {The position is equal.} 14. Ne5 {[#]} Rfd8 $146 ({Predecessor:} 14... Nfd7 15. Nxd7 Nxd7 16. b4 a5 17. b5 dxc4 18. bxc6 cxd3 19. Qa4 bxc6 20. Rab1 Qa6 21. Qxc6 Qxc6 22. Bxc6 {1-0 (40) Hlavnicka,J (2215)-Gamer,T Schwarzach 1998}) 15. Rec1 Ncd7 16. Ndf3 Nxe5 17. Nxe5 Nd7 (17... a5 {keeps more tension.} 18. a3 Bf5 19. Qb2 Qc7 20. e3 Nd7) 18. Qb2 Qc7 19. Nxd7 Qxd7 20. b4 {[%cal Bb3b4,Bb4b5][%mdl 32]} Qd6 21. a4 {[%cal Ba2a4,Ba4a5][%mdl 32]} Rac8 22. Rab1 d4 (22... Bf5 $11) 23. b5 $16 e5 24. c5 Qe7 25. Bh3 f5 26. a5 e4 (26... Kh8 $14) 27. bxc6 bxc6 28. dxe4 Qxe4 29. Qa2+ Kh8 30. Rb7 Rb8 31. Bg2 (31. a6 {seems wilder.} Bg8 32. Qc2 Bd5 33. Qxe4 fxe4 34. Bf5) 31... Rxb7 32. Bxe4 fxe4 33. Rd1 d3 34. f3 ({White should play} 34. Kg2 $14) 34... e3 ({Black should try} 34... Bg8 $1 $15 35. Qa1 d2) 35. exd3 Bxd3 {[#] ...e2 is the strong threat.} 36. Qe6 e2 37. Rxd3 (37. Re1 {with more complications.} Bb5 38. Kf2 Rbd7 39. f4 Rd5 40. Qf7) 37... Rxd3 38. Qxe2 Rd8 39. Kg2 Rb5 40. Qe7 Rd5 41. a6 Rdxc5 42. Qe8+ {Accuracy: White = 83%, Black = 82%.} 1/2-1/2

[Event "AUT-ch Open 2020"]
[Site "Graz"]
[Date "2020.02.19"]
[Round "7.1"]
[White "Livaic, Leon"]
[Black "Socko, Bartosz"]
[Result "1/2-1/2"]
[WhiteElo "2492"]
[BlackElo "2619"]
[Annotator "TA"]
[PlyCount "65"]
[EventDate "2020.02.14"]
[EventType "swiss"]
[EventCountry "AUT"]
[SourceTitle "playchess.com"]
[Source "ChessBase"]
[SourceQuality "1"]

{[%evp 20,65,12,6,20,13,12,13,17,18,18,7,14,6,18,0,9,0,16,0,10,4,7,9,31,2,14,12,14,0,0,0,0,0,0,0,0,0,0,0,20,0,0,0,7,0,0,0]} 1. d4 Nf6 2. c4 e6 3. Nf3 d5 4. Nc3 c5 5. cxd5 Nxd5 6. e4 Nxc3 7. bxc3 cxd4 8. cxd4 Bb4+ 9. Bd2 Bxd2+ 10. Qxd2 O-O 11. Rc1 b6 {D41: Queen's Gambit Declined: Semi-Tarrasch with 5 cxd5.} 12. Bd3 Bb7 13. O-O Nd7 14. Qe3 Nf6 15. Ne5 Qd6 16. Nc4 Qd7 17. Ne5 Qd6 18. Nc4 Qd7 19. Ne5 Qe7 20. f3 Rac8 21. Bb5 Qd6 {[#]} 22. a3 $146 ({Predecessor:} 22. a4 Rfd8 23. Rfd1 h6 24. h3 Ne8 25. Qf4 Nf6 26. Qe3 Ne8 27. Qf4 Nf6 28. Qe3 {½-½ (24) Peralta,F (2556)-Bogner,S (2586) Lorca 2017}) 22... Rfd8 {The position is equal.} 23. Rfd1 a6 24. Bf1 b5 25. Rxc8 Rxc8 26. Qb3 Nd7 27. Qb4 Qxb4 28. axb4 Nxe5 29. dxe5 $11 {KRB-KRB} Bc6 30. Ra1 Bb7 31. Rd1 Bc6 32. Ra1 Bb7 33. Rd1 {A rather calm draw. Accuracy: White = 95%, Black = 100%.} 1/2-1/2

[Event "AUT-ch Open 2020"]
[Site "Graz"]
[Date "2020.02.19"]
[Round "7.1"]
[White "Mis, Mieszko"]
[Black "Tisaj, Domen"]
[Result "1-0"]
[WhiteElo "2334"]
[BlackElo "2245"]
[Annotator "NA"]
[PlyCount "53"]
[EventDate "2020.02.14"]
[EventType "swiss"]
[EventCountry "AUT"]
[SourceTitle "playchess.com"]
[Source "ChessBase"]
[SourceQuality "1"]
[TimeControl "40/5400+30:1800+30"]

1. d4 {[%emt 0:00:00]} f5 {[%emt 0:00:00]} 2. Bg5 {[%emt 0:00:00]} g6 {[%emt 0:00:06]} 3. Nc3 {[%emt 0:00:15]} Bg7 {[%emt 0:00:10]} 4. Nf3 {[%emt 0:00:42]} Nf6 {[%emt 0:00:41]} 5. e3 {[%emt 0:01:10]} O-O {[%emt 0:02:52]} 6. Bd3 {[%emt 0:05:56]} d5 {[%emt 0:00:53]} 7. h4 {[%emt 0:04:52]} Ne4 {[%emt 0:05:00]} 8. Ne2 {[%emt 0:08:32]} Nxg5 {[%emt 0:09:23]} 9. hxg5 {[%emt 0:01:45]} Qd6 {[%emt 0:03:02]} 10. Qd2 {[%emt 0:05:19]} Nd7 {[%emt 0:01:01]} 11. O-O-O {[%emt 0:02:35]} e5 {[%emt 0:03:03]} 12. dxe5 {[%emt 0:01:10]} Nxe5 {[%emt 0:00:06]} 13. Nxe5 {[%emt 0:05:59]} Qxe5 {[%emt 0:00:37]} 14. c3 {[%emt 0:00:15]} Qe7 {[%emt 1:10:06]} 15. f4 {[%emt 0:01:57]} Rf7 {[%emt 0:00:00]} 16. Rh2 {[%emt 0:02:01]} Bd7 {[%emt 0:00:00]} 17. Rdh1 {[%emt 0:00:20]} Re8 {[%emt 0:00:00]} 18. Rh3 {[%emt 0:06:12]} Bf8 {[%emt 0:00:00]} 19. Bc2 {[%emt 0:09:49]} c6 {[%emt 0:00:00]} 20. Qd3 {[%emt 0:08:59]} Rg7 {[%emt 0:00:00]} 21. Kb1 {[%emt 0:00:53]} b5 {[%emt 0:00:00]} 22. Nd4 {[%emt 0:03:05]} a6 {[%emt 0:00:00]} 23. g4 {[%emt 0:03:23]} fxg4 {[%emt 0:00:00]} 24. Rxh7 {[%emt 0:00:51]} Rxh7 {[%emt 0:00:00]} 25. Qxg6+ {[%emt 0:00:02]} Rg7 {[%emt 0:00:00]} 26. Qh6 {[%emt 0:00:52]} Qxe3 {[%emt 0:00:00]} 27. Bh7+ {[%emt 0:00:29]} 1-0

[Event "AUT-ch Open 2020"]
[Site "Graz"]
[Date "2020.02.19"]
[Round "7.2"]
[White "Vorobiov, Evgeny E."]
[Black "Martinez Alcantara, Jose Eduardo"]
[Result "1/2-1/2"]
[WhiteElo "2520"]
[BlackElo "2617"]
[Annotator "TA"]
[PlyCount "62"]
[EventDate "2020.02.14"]
[EventType "swiss"]
[EventCountry "AUT"]
[SourceTitle "playchess.com"]
[Source "ChessBase"]
[SourceQuality "1"]

{[%evp 10,62,27,21,51,19,19,15,15,4,22,7,14,20,16,1,10,8,12,12,16,12,25,25,27,35,33,27,84,81,94,95,97,84,88,68,91,91,91,97,99,100,112,88,118,43,66,70,132,133,145,120,104,74,71]} 1. d4 Nf6 2. c4 e6 3. g3 Bb4+ 4. Bd2 c5 5. Bxb4 cxb4 6. Bg2 a5 {E00: Catalan Bogo-Indian (3 g3 Bb4+).} 7. e4 d6 8. Ne2 O-O {The position is equal.} 9. a3 Na6 10. O-O e5 11. axb4 axb4 12. Nd2 Bd7 13. Nb3 {[#]} Rc8 $146 ({Predecessor:} 13... b5 14. c5 dxc5 15. dxe5 Ng4 16. Qd6 Be6 17. Na5 Qg5 18. Nc6 Rfe8 19. h4 Qh6 20. Bf3 g5 21. Bxg4 gxh4 22. Bf5 Kh8 23. g4 Rg8 24. Kh2 {1-0 (24) Mateuta,G (2472)-Vukanovic,S (2343) Obrenovac 2004}) 14. Qd3 $36 {[%mdl 2048] White is pushing.} Re8 15. Rfd1 Qc7 16. Nd2 exd4 17. Qxd4 Nc5 18. Nf4 Na4 (18... Ne6 $11 19. Nxe6 Bxe6) 19. Nd3 $16 b5 {[%cal Rb5c4]} 20. cxb5 Bxb5 21. Rdc1 ({But not} 21. Qxb4 Bxd3 22. Rxa4 Qc2 $11) 21... Nc5 22. Nxb4 Ne6 23. Rxc7 Nxd4 24. Rxc8 Rxc8 25. Bf1 Bxf1 26. Kxf1 h5 27. Rd1 ({Better is} 27. Nd3 $16) 27... g5 28. Nd5 Kg7 {[#]} (28... Nxd5 $14 29. exd5 Re8) 29. Ne3 $1 Nb5 30. f3 g4 31. Kf2 Nd4 {Accuracy: White = 80%, Black = 79%.} 1/2-1/2

[Event "AUT-ch Open 2020"]
[Site "Graz"]
[Date "2020.02.19"]
[Round "7.2"]
[White "Regez, Markus"]
[Black "Sandhoefner, Florian"]
[Result "1/2-1/2"]
[WhiteElo "2144"]
[BlackElo "2328"]
[Annotator "NA"]
[PlyCount "68"]
[EventDate "2020.02.14"]
[EventType "swiss"]
[EventCountry "AUT"]
[SourceTitle "playchess.com"]
[Source "ChessBase"]
[SourceQuality "1"]
[TimeControl "40/5400+30:1800+30"]

1. d4 {[%emt 0:00:00]} d5 {[%emt 0:00:00]} 2. Nc3 {[%emt 0:00:00]} Nf6 {[%emt 0:00:00]} 3. Bg5 {[%emt 0:00:00]} Nbd7 {[%emt 0:00:00]} 4. e3 {[%emt 0:01:43]} c6 {[%emt 0:00:31]} 5. f4 {[%emt 0:00:17]} e6 {[%emt 0:00:34]} 6. Bd3 {[%emt 0:06:34]} Be7 {[%emt 0:00:28]} 7. Nf3 {[%emt 0:00:20]} c5 {[%emt 0:00:47]} 8. O-O {[%emt 0:01:09]} O-O {[%emt 0:00:39]} 9. Qe1 {[%emt 0:05:01]} h6 {[%emt 0:03:12]} 10. Bxf6 {[%emt 0:05:44]} Nxf6 {[%emt 0:00:45]} 11. Kh1 {[%emt 0:02:00]} Qc7 {[%emt 0:05:04]} 12. Ne5 {[%emt 0:05:27]} a6 {[%emt 0:04:40]} 13. g4 {[%emt 0:05:59]} Nd7 {[%emt 0:01:41]} 14. Qg3 {[%emt 0:11:14]} Nxe5 {[%emt 0:12:52]} 15. fxe5 {[%emt 0:01:37]} Qd8 {[%emt 0:02:35]} 16. Rf3 {[%emt 0:04:02]} b5 {[%emt 1:04:12]} 17. Rg1 {[%emt 0:07:30]} Bh4 {[%emt 0:00:00]} 18. Qh3 {[%emt 0:09:57]} c4 {[%emt 0:00:00]} 19. Bf1 {[%emt 0:02:23]} Bg5 {[%emt 0:00:00]} 20. Ne2 {[%emt 0:01:26]} f6 {[%emt 0:00:00]} 21. Qg3 {[%emt 0:05:42]} fxe5 {[%emt 0:00:00]} 22. Rxf8+ {[%emt 0:00:18]} Qxf8 {[%emt 0:00:00]} 23. h4 {[%emt 0:01:00]} Be7 {[%emt 0:00:00]} 24. dxe5 {[%emt 0:01:08]} Bd7 {[%emt 0:00:00]} 25. Nd4 {[%emt 0:00:09]} Qf7 {[%emt 0:00:00]} 26. Bg2 {[%emt 0:06:10]} Rf8 {[%emt 0:00:00]} 27. Bf3 {[%emt 0:07:22]} g5 {[%emt 0:00:00]} 28. h5 {[%emt 0:01:09]} c3 {[%emt 0:00:00]} 29. b3 {[%emt 0:00:42]} Bc5 {[%emt 0:00:00]} 30. Kg2 {[%emt 0:01:23]} Bxd4 {[%emt 0:00:00]} 31. exd4 {[%emt 0:00:11]} Qh7 {[%emt 0:00:00]} 32. Rc1 {[%emt 0:03:37]} Rf4 {[%emt 0:00:00]} 33. Qf2 {[%emt 0:00:08]} b4 {[%emt 0:00:00]} 34. a4 {[%emt 0:01:24]} Bc8 {[%emt 0:00:00]} 1/2-1/2

[Event "AUT-ch Open 2020"]
[Site "Graz"]
[Date "2020.02.19"]
[Round "7.3"]
[White "Shevchenko, Kirill"]
[Black "Gajek, Radoslaw"]
[Result "1-0"]
[WhiteElo "2580"]
[BlackElo "2438"]
[Annotator "TA"]
[PlyCount "169"]
[EventDate "2020.02.14"]
[EventType "swiss"]
[EventCountry "AUT"]
[SourceTitle "playchess.com"]
[Source "ChessBase"]
[SourceQuality "1"]

{[%evp 13,169,2,11,0,20,21,22,28,22,3,22,16,46,46,72,68,66,40,56,45,62,52,129,130,199,190,185,78,167,172,175,73,73,77,72,73,71,66,66,66,62,62,63,60,56,51,72,72,72,72,72,72,72,72,72,72,82,72,97,72,72,72,97,97,97,72,97,72,72,71,97,41,41,41,41,41,41,8,41,0,41,41,41,8,8,8,41,41,41,41,41,41,41,41,41,41,41,41,41,41,41,8,8,8,8,8,8,8,8,8,8,8,8,0,0,0,0,0,8,0,0,0,0,0,0,0,0,0,0,0,8,8,8,7,7,7,7,7,7,0,0,0,0,0,0,0,0,8,29975,29976,29978,29977,29977,29978,29978,29979,29979,29980]} 1. e4 c5 2. Nf3 d6 3. d4 cxd4 4. Nxd4 Nf6 5. Nc3 a6 6. Be3 e5 7. Nf3 Be7 8. Nd2 {B90: Sicilian Najdorf: Unusual White 6th moves, 6 Be3 Ng4 and 6 Be3 e5.} Ng4 9. Nc4 {Strongly threatening Bb6.} Nxe3 10. Nxe3 {The position is equal.} Be6 {[#]} 11. Nf5 $146 ({Predecessor:} 11. Bc4 O-O 12. O-O Bg5 13. Ncd5 b5 14. Bb3 Nd7 15. c3 a5 16. a4 bxa4 17. Bxa4 Bxe3 18. Nxe3 {½-½ (26) Gromotka,H (2280)-Mostowik,D (2237) ICCF email 2015}) 11... O-O 12. Nd5 Bxf5 13. exf5 e4 14. g3 Bf6 15. c3 Nd7 16. Bg2 Re8 17. O-O Re5 (17... Nb6 $14) 18. Re1 $16 Qa5 (18... Nb6 $16) 19. Bxe4 $18 Rae8 20. f3 (20. b4 $18 Qa3 21. Qd3) 20... Bd8 (20... g6 $16 {might work better.}) 21. b4 Qa3 22. Qb3 (22. Qc2 $1 $18 {has better winning chances.}) 22... Qxb3 $16 23. axb3 g6 24. Kf1 gxf5 25. Bxf5 Nf6 26. Be4 Rh5 27. h4 Nxd5 28. Bxd5 Rxe1+ 29. Rxe1 {Hoping for Re8+.} Rxd5 $14 {[%mdl 4096] Endgame KRB-KR} 30. Re8+ {[%mdl 64] Double Attack} Kg7 {And now ...Bf6 would win.} 31. Rxd8 $16 {KR-KR} Rd3 {[%mdl 64] Double Attack} 32. Ke2 $1 {[%cal Re2d3]} Rxc3 33. Rxd6 Rxb3 {[#]} 34. Rb6 $1 Ra3 35. Rxb7 a5 36. bxa5 Rxa5 37. Rd7 Re5+ {[#]} 38. Kf2 $1 h5 39. Rd2 Kg6 40. Rd4 f6 41. g4 hxg4 42. Rxg4+ (42. fxg4 $16 Rc5 43. Kg3) 42... Kh5 $14 43. Kg3 Ra5 44. Rc4 Ra1 45. Rc6 Kg6 46. Rc4 Rg1+ 47. Kf2 Ra1 48. Re4 Kh5 49. Kg3 Kg6 50. Re8 Kf5 51. Rb8 Rg1+ 52. Kf2 Rh1 53. Rb4 Kg6 54. Kg2 Rc1 55. Rb5 Re1 56. Ra5 Rc1 57. h5+ Kh6 58. Rf5 Re1 59. Kg3 Rg1+ 60. Kf4 Kg7 61. Rd5 Rh1 62. Ke4 Kh6 63. f4 Rh3 64. Rd8 Kg7 65. Rd7+ Kf8 66. Rd5 Kg7 67. Rb5 Kh6 68. Ra5 Kg7 69. Rf5 Rh1 70. Rc5 Rh3 71. Ra5 Rh1 72. Kf3 Kh6 73. Kg4 Rg1+ 74. Kf5 Kxh5 75. Kxf6+ Kh6 $1 76. f5 {Kf7 is the strong threat.} (76. Ra8 {is interesting.} Rg6+ 77. Kf5 Rb6 78. Re8 Rb4 79. Kg4) 76... Rb1 77. Re5 {With the idea Kf7.} Rb6+ 78. Kf7 {Threatening mate with Re6+.} Rb7+ 79. Re7 Rb5 80. Re6+ Kg5 $2 {[%mdl 8192] Black cannot hold the game after this.} (80... Kh7 $11) 81. f6 {White mates.} Kf5 82. Rc6 Rb1 83. Rc5+ Ke4 84. Kf8 Kd4 85. Ra5 {Accuracy: White = 82%, Black = 77%.} 1-0

[Event "AUT-ch Open 2020"]
[Site "Graz"]
[Date "2020.02.19"]
[Round "7.3"]
[White "Niedbala, Bartlomiej"]
[Black "Bodrogi, Bendeguz"]
[Result "0-1"]
[WhiteElo "2432"]
[BlackElo "2032"]
[Annotator "NA"]
[PlyCount "74"]
[EventDate "2020.02.14"]
[EventType "swiss"]
[EventCountry "AUT"]
[SourceTitle "playchess.com"]
[Source "ChessBase"]
[SourceQuality "1"]
[TimeControl "40/5400+30:1800+30"]

1. d4 {[%emt 0:05:30]} Nf6 {[%emt 0:00:03]} 2. Bg5 {[%emt 0:00:05]} c5 {[%emt 0:03:15]} 3. Bxf6 {[%emt 0:02:45]} gxf6 {[%emt 0:00:14]} 4. d5 {[%emt 0:00:09]} d6 {[%emt 0:01:29]} 5. e3 {[%emt 0:05:37]} Nd7 {[%emt 0:02:41]} 6. c4 {[%emt 0:08:58]} f5 {[%emt 0:00:25]} 7. Nc3 {[%emt 0:00:04]} Bg7 {[%emt 0:00:49]} 8. Bd3 {[%emt 0:01:02]} Ne5 {[%emt 0:03:15]} 9. Nge2 {[%emt 0:01:23]} Bd7 {[%emt 0:04:50]} 10. Ng3 {[%emt 0:05:35]} Qa5 {[%emt 0:08:07]} 11. O-O {[%emt 0:01:26]} Qb4 {[%emt 0:10:33]} 12. a3 {[%emt 0:25:21]} Qxb2 {[%emt 0:09:02]} 13. Nge2 {[%emt 0:18:59]} Qb6 {[%emt 0:02:14]} 14. Rb1 {[%emt 0:00:29]} Qc7 {[%emt 0:00:11]} 15. Ng3 {[%emt 0:03:39]} Nxc4 {[%emt 0:09:50]} 16. Bxc4 {[%emt 0:00:21]} Bxc3 {[%emt 0:00:02]} 17. Qd3 {[%emt 0:01:35]} Bf6 {[%emt 0:01:07]} 18. Nxf5 {[%emt 0:01:24]} a6 {[%emt 0:03:26]} 19. a4 {[%emt 0:03:01]} Bxa4 {[%emt 0:03:40]} 20. Qe4 {[%emt 0:00:05]} Bd7 {[%emt 0:02:54]} 21. Be2 {[%emt 0:00:48]} b5 {[%emt 0:02:08]} 22. Nh6 {[%emt 0:00:30]} Bg7 {[%emt 0:04:41]} 23. Nf5 {[%emt 0:00:42]} Bxf5 {[%emt 0:01:39]} 24. Qxf5 {[%emt 0:00:01]} Qd7 {[%emt 0:00:01]} 25. Qh5 {[%emt 0:00:37]} Bf6 {[%emt 0:05:08]} 26. Bg4 {[%emt 0:02:37]} Qc7 {[%emt 0:00:53]} 27. Rfc1 {[%emt 0:01:50]} Rb8 {[%emt 0:00:33]} 28. Be6 {[%emt 0:03:02]} Rf8 {[%emt 0:00:05]} 29. Rb4 {[%emt 0:00:10]} Qa5 {[%emt 0:02:53]} 30. Rg4 {[%emt 0:03:12]} Qd2 {[%emt 0:00:14]} 31. Rf1 {[%emt 0:00:16]} Kd8 {[%emt 0:01:59]} 32. Bxf7 {[%emt 0:00:18]} c4 {[%emt 0:04:54]} 33. Qxh7 {[%emt 0:01:06]} c3 {[%emt 0:00:15]} 34. Bg6 {[%emt 0:02:47]} Rh8 {[%emt 0:00:49]} 35. Qf7 {[%emt 0:00:12]} c2 {[%emt 0:00:14]} 36. Bxc2 {[%emt 0:00:47]} Qxc2 {[%emt 0:00:21]} 37. Rf4 {[%emt 0:00:37]} Qh7 {[%emt 0:01:00]} 0-1

[Event "AUT-ch Open 2020"]
[Site "Graz"]
[Date "2020.02.19"]
[Round "7.4"]
[White "Schwabeneder, Florian"]
[Black "Meshkovs, Nikita"]
[Result "0-1"]
[WhiteElo "2412"]
[BlackElo "2566"]
[Annotator "TA"]
[PlyCount "98"]
[EventDate "2020.02.14"]
[EventType "swiss"]
[EventCountry "AUT"]
[SourceTitle "playchess.com"]
[Source "ChessBase"]
[SourceQuality "1"]

{[%evp 14,98,31,22,33,28,56,58,43,0,0,0,19,10,21,20,25,0,33,0,0,10,12,12,12,10,47,0,1,8,10,0,16,0,16,0,-6,-22,0,-9,0,-31,-31,-25,-3,-18,0,-30,-34,-39,0,0,0,-4,27,0,0,0,0,-16,-6,-14,0,0,0,-19,0,-111,-115,-236,-184,-717,-717,-717,-707,-686,-681,-695,-682,-583,-576,-29982,-29983,-29992,-29993,-29995,-29992]} 1. e4 e5 2. Nf3 Nc6 3. Bb5 a6 4. Ba4 Nge7 5. O-O g6 6. c3 Bg7 7. d4 exd4 8. cxd4 b5 {C60: Ruy Lopez: Unusual Black 3rd moves and 3...g6.} 9. Bc2 d5 10. exd5 Nxd5 {White is slightly better.} 11. Re1+ Be6 12. Bg5 Qc8 $5 {[%mdl 4] Leaves trodden paths.} (12... Qd7 {feels hotter.} 13. Nc3 O-O 14. Ne4 Rae8 15. Nc5 Qd6) 13. Nc3 O-O 14. Be4 Qd7 15. a4 f6 16. Be3 Nce7 17. Bd3 Nxc3 18. bxc3 Nd5 19. Bd2 Bf7 20. c4 bxc4 21. Bxc4 a5 22. Rc1 c6 23. Qc2 Rfc8 24. Re2 Bf8 25. Ne1 Qa7 26. Be3 Re8 27. Bxd5 Bxd5 28. Nd3 Bd6 29. Nc5 Re7 30. Rce1 Rae8 31. Bc1 Kf7 32. Rxe7+ Rxe7 {[%cal Re7e1]} 33. Bd2 f5 34. Qc3 Rxe1+ 35. Bxe1 Qe7 36. Qe3 Qh4 37. g3 $1 {[%cal Rg3h4]} Qh3 {[%csl Gd5][%cal Rh3g2]} 38. f3 {[#]} f4 $1 $40 {[%mdl 640] Black mounts an attack.} 39. Qf2 (39. gxf4 Bxf3) 39... Qf5 40. Kg2 {[#]} (40. Ne4 $11 {remains equal.} Bxe4 41. fxe4 Qxe4 42. Bxa5) 40... g5 $1 $17 {[%cal Rg5g4] Threatens to win with ...g4.} 41. Nb7 {This costs White the game.} (41. Kf1 $17) 41... Bb8 42. h3 $2 (42. Kg1) 42... h5 43. gxf4 Bxf4 {Hoping for ...g4!} 44. Bd2 g4 45. Bxf4 Qxf4 46. hxg4 hxg4 {[%cal Rd5f3]} 47. Nxa5 Bxf3+ {Black mates.} 48. Kg1 g3 49. Qa2+ Bd5 {Accuracy: White = 59%, Black = 85%.} 0-1

[Event "AUT-ch Open 2020"]
[Site "Graz"]
[Date "2020.02.19"]
[Round "7.4"]
[White "Ohanyan, Emin"]
[Black "Valeanu, Eduard-Andrei"]
[Result "1-0"]
[WhiteElo "2209"]
[BlackElo "2427"]
[Annotator "NA"]
[PlyCount "91"]
[EventDate "2020.02.14"]
[EventType "swiss"]
[EventCountry "AUT"]
[SourceTitle "playchess.com"]
[Source "ChessBase"]
[SourceQuality "1"]
[TimeControl "40/5400+30:1800+30"]

1. e4 {[%emt 0:00:00]} c5 {[%emt 0:01:32]} 2. Nf3 {[%emt 0:00:00]} g6 {[%emt 0:00:05]} 3. d4 {[%emt 0:00:00]} Bg7 {[%emt 0:00:04]} 4. Nc3 {[%emt 0:00:00]} cxd4 {[%emt 0:00:04]} 5. Nxd4 {[%emt 0:00:00]} Nc6 {[%emt 0:00:05]} 6. Be3 {[%emt 0:00:03]} Nf6 {[%emt 0:00:05]} 7. Bc4 {[%emt 0:00:04]} Qa5 {[%emt 0:00:12]} 8. O-O {[%emt 0:01:07]} O-O {[%emt 0:00:04]} 9. Bb3 {[%emt 0:01:38]} d6 {[%emt 0:00:10]} 10. h3 {[%emt 0:02:30]} Bd7 {[%emt 0:00:39]} 11. Nd5 {[%emt 0:21:28]} Nxe4 {[%emt 0:18:55]} 12. Nxc6 {[%emt 0:16:52]} bxc6 {[%emt 0:00:21]} 13. Nxe7+ {[%emt 0:00:30]} Kh8 {[%emt 0:00:01]} 14. f3 {[%emt 0:06:44]} Qe5 {[%emt 0:03:21]} 15. fxe4 {[%emt 0:06:18]} Qxe7 {[%emt 0:01:03]} 16. Bd4 {[%emt 0:04:08]} Rae8 {[%emt 0:03:38]} 17. Bxg7+ {[%emt 0:01:14]} Kxg7 {[%emt 0:00:02]} 18. Qd4+ {[%emt 0:00:16]} Qe5 {[%emt 0:00:44]} 19. Rad1 {[%emt 0:01:48]} Re7 {[%emt 0:06:55]} 20. Qxd6 {[%emt 0:03:07]} Bc8 {[%emt 0:02:35]} 21. Rf2 {[%emt 0:19:25]} Qxe4 {[%emt 0:00:44]} 22. Qf6+ {[%emt 0:00:36]} Kh6 {[%emt 0:02:19]} 23. Rf4 {[%emt 0:01:50]} Qe3+ {[%emt 0:00:04]} 24. Kh1 {[%emt 0:00:13]} Re5 {[%emt 0:00:10]} 25. Rh4+ {[%emt 0:06:15]} Rh5 {[%emt 0:00:01]} 26. Rxh5+ {[%emt 0:00:19]} Kxh5 {[%emt 0:00:01]} 27. Qg7 {[%emt 0:02:06]} Qh6 {[%emt 0:02:20]} 28. g4+ {[%emt 0:02:08]} Kg5 {[%emt 0:00:01]} 29. Qe5+ {[%emt 0:00:54]} f5 {[%emt 0:02:45]} 30. Kg2 {[%emt 0:00:23]} Qh4 {[%emt 0:00:34]} 31. Qe7+ {[%emt 0:01:07]} Rf6 {[%emt 0:00:01]} 32. Rd6 {[%emt 0:00:34]} Kf4 {[%emt 0:00:00]} 33. Rd4+ {[%emt 0:00:11]} Kg5 {[%emt 0:00:13]} 34. Rd6 {[%emt 0:00:02]} Kf4 {[%emt 0:00:01]} 35. Rd4+ {[%emt 0:01:49]} Kg5 {[%emt 0:00:01]} 36. Qe3+ {[%emt 0:01:14]} f4 {[%emt 0:00:04]} 37. Qe5+ {[%emt 0:00:05]} Kh6 {[%emt 0:01:18]} 38. Rxf4 {[%emt 0:00:38]} Bf5 {[%emt 0:01:05]} 39. gxf5 {[%emt 0:00:34]} Qg5+ {[%emt 0:00:01]} 40. Kf2 {[%emt 0:01:08]} gxf5 {[%emt 0:00:04]} 41. h4 {[%emt 0:30:11]} Qg6 {[%emt 0:30:26]} 42. Qe3 {[%emt 0:00:00]} Kg7 {[%emt 0:00:00]} 43. Qxa7+ {[%emt 0:00:00]} Kh6 {[%emt 0:00:00]} 44. Qe7 {[%emt 0:00:00]} Rd6 {[%emt 0:00:00]} 45. Qf8+ {[%emt 0:00:00]} Kh5 {[%emt 0:00:00]} 46. Qxf5+ {[%emt 0:00:00]} 1-0

[Event "AUT-ch Open 2020"]
[Site "Graz"]
[Date "2020.02.19"]
[Round "7.5"]
[White "Shengelia, David"]
[Black "Blohberger, Felix"]
[Result "0-1"]
[WhiteElo "2557"]
[BlackElo "2448"]
[Annotator "TA"]
[PlyCount "70"]
[EventDate "2020.02.14"]
[EventType "swiss"]
[EventCountry "AUT"]
[SourceTitle "playchess.com"]
[Source "ChessBase"]
[SourceQuality "1"]

{[%evp 17,70,0,3,0,0,0,0,0,-4,-8,0,0,0,0,-6,-13,0,0,5,0,0,0,0,0,29,25,45,47,50,49,50,54,51,41,89,72,77,0,0,0,0,0,0,0,0,0,0,0,0,-7,-7,-24,0,-29996,-29997]} 1. d4 Nf6 2. Nf3 e6 3. e3 b6 4. Bd3 Bb7 5. O-O d5 6. b3 Bd6 7. Bb2 Nbd7 8. Ne5 O-O 9. Nd2 Ne4 10. Nxd7 {is the legacy move (10.f3). D05: Colle System with ...e6.} Qxd7 11. Nxe4 dxe4 12. Be2 {The position is equal.} f5 13. f4 {[#]} Rad8 $146 ({Predecessor:} 13... exf3 14. Bxf3 Bxf3 15. Qxf3 c5 16. c4 Rad8 17. Rad1 Qc7 18. g3 Kh8 19. Kg2 h6 {½-½ (35) Xu,Y (2535)-Nie,X (2239) Danzhou 2016}) 14. a4 a5 15. Bc4 Bd5 16. Qe2 Be7 17. Rfd1 Rf7 18. Bb5 Qc8 19. Ba3 Bxa3 20. Rxa3 Qa8 21. Qe1 Bc6 22. b4 axb4 23. Qxb4 Bxb5 24. axb5 Qd5 25. Rda1 g5 {White should prevent ...gxf4.} 26. c4 Qd7 {White must now prevent ...gxf4.} 27. g3 ({Better is} 27. fxg5 $16 f4 28. Qe1) 27... gxf4 $11 28. gxf4 Rg7+ 29. Kh1 Qe8 {( -> ...Qh5!)} 30. Qe1 Qh5 {[%cal Rh5f3]} 31. Qd1 Qh3 {[%csl Gg7][%cal Rh3g2]} 32. Qf1 Qh5 $40 {[%mdl 128] Black mounts an attack.} 33. R1a2 Kf7 34. Ra7 Kf6 35. Qe2 $2 {[%mdl 8192] [#]} (35. Rg2 $11) 35... Rdg8 $1 {[%mdl 512] Accuracy: White = 89%, Black = 91%.} 0-1